MARC

LEADER 00000nam0a2200000 4500
001 278166
005 20231101235103.0
020 |a RU  |b 86-33865 
035 |a (RuTPU)RU\TPU\book\301443 
090 |a 278166 
100 |a 20141209d1986 km y0rusy5003 ca 
101 0 |a rus 
102 |a RU 
105 |a a z 000zy 
200 1 |a Через все испытания. [Боевой путь 204-й стрелковой дивизии]  |f Б. И. Мутовин 
210 |a Москва  |c Воениздат  |d 1986 
215 |a 224 с.  |c ил. 
225 1 |a Военные мемуары 
606 1 |a Стрелковые войска в Великой Отечественной войне 1941-1945  |2 stltpush  |3 (RuTPU)RU\TPU\subj\72539  |9 86009 
610 1 |a партийно-политическая работа 
610 1 |a пехота 
610 1 |a Великая Отечественная война 1941-1945 
610 1 |a гвардейские соединения 
610 1 |a история 
610 1 |a военные действия 
610 1 |a воспоминания 
686 |a Т2(2)622:35:Ц52  |v LBC/SL-A  |2 rubbk 
700 1 |a Мутовин  |b Б. И.  |g Борис Ильич  |4 070 
801 0 |a RU  |b RuMRKP  |c 19950704  |g psbo 
801 1 |a RU  |b 63413507  |c 20141209 
801 2 |a RU  |b 63413507  |c 20170410  |g RCR 
942 |c BK